书目信息 |
| 题名: |
旅游英语
|
|
| 作者: | 谢关平 编著 | |
| 分册: | ||
| 出版信息: | 合肥 中国科学技术大学出版社 2006 |
|
| 页数: | 237页 | |
| 开本: | 21cm | |
| 丛书名: | 实用英语丛书 | |
| 单 册: | ||
| 中图分类: | H31 | |
| 科图分类: | ||
| 主题词: | 旅游--英语 , 旅游 | |
| 电子资源: | ||
| ISBN: | 7-312-01915-3 | |
| 000 | 00768oam2 2200265 450 | |
| 001 | 012007408110 | |
| 005 | 20070517093711.93 | |
| 010 | @a7-312-01915-3@dCNY12.00 | |
| 100 | @a20070512d2006 km y0chiy0120 ea | |
| 101 | 0 | @achi@aeng |
| 102 | @aCN@b340000 | |
| 105 | @ay z 000yy | |
| 106 | @ar | |
| 200 | 1 | @a旅游英语@Alu you ying yu@f谢关平编著@Fxie guan ping bian zhu |
| 210 | @a合肥@c中国科学技术大学出版社@d2006 | |
| 215 | @a237页@d21cm | |
| 225 | 2 | @a实用英语丛书 |
| 330 | @a本书内容涉及到网络旅游、入境、住宿、餐饮、交通、光观与参观、购物及娱乐英语。 | |
| 461 | 0 | @12001 @a实用英语丛书 |
| 606 | 0 | @a旅游@x英语 |
| 606 | 0 | @a旅游 |
| 690 | @aH31@v4 | |
| 701 | 0 | @a谢关平@Axie guan ping@4编著 |
| 801 | 0 | @aCN@bRULIN@c20070517 |
| 905 | @dH31@e1021@s5 | |
| 旅游英语/谢关平编著.-合肥:中国科学技术大学出版社,2006 |
| 237页;21cm.-(实用英语丛书) |
| ISBN 7-312-01915-3:CNY12.00 |
| 本书内容涉及到网络旅游、入境、住宿、餐饮、交通、光观与参观、购物及娱乐英语。 |
| ● |
| 相关链接 |
|
|
|
|
正题名:旅游英语
索取号:H31/1021
 
预约/预借
| 序号 | 登录号 | 条形码 | 馆藏地/架位号 | 状态 | 备注 |
| 1 | 0573122 | 205731225 | 第二样本阅览室/ [索取号:H31/1021] | 在馆 | |
| 2 | 0573123 | 205731234 | 第四借阅区/ [索取号:H31/1021] | 在馆 | |
| 3 | 0573124 | 205731243 | 第四借阅区/ [索取号:H31/1021] | 在馆 | |
| 4 | 0573125 | 205731252 | 第四借阅区/ [索取号:H31/1021] | 在馆 | |
| 5 | 0573126 | 205731261 | 第四借阅区/ [索取号:H31/1021] | 在馆 |